[Event "Santa Margalida Mallorca-ch"]
[Site "Santa Margalida"]
[Date "2016.12.02"]
[Round "7"]
[White "Mascaro Pastor, Miguel"]
[Black "Faramelli Ribas, Miquel Angel"]
[Result "1-0"]
[WhiteElo "1848"]
[BlackElo "1602"]
[PlyCount "53"]
[EventDate "2016.11.11"]
[EventType "swiss"]
[EventRounds "8"]
[EventCountry "ESP"]
[SourceTitle "EXT 2018"]
[Source "ChessBase"]
[SourceDate "2017.10.13"]
[SourceVersion "1"]
[SourceVersionDate "2017.10.13"]
[SourceQuality "1"]

1. d4 Nf6 2. c4 c5 3. d5 b5 4. b3 g6 5. Bb2 Bg7 6. e4 0-0 7. e5 Ne8 8. f4 bxc4 9. Bxc4 d6 10. Nf3 Ba6 11. Nbd2 Nc7 12. Qe2 Nxd5 13. Bxa6 Nxa6 14. Qxa6 Nxf4 15. 0-0 dxe5 16. Rad1 Qd3 17. Nc4 Qe2 18. Rd2 Qe4 19. Ncxe5 Bh6 20. Rd7 Qc2 21. Rf2 Qb1+ 22. Qf1 Qxa2 23. Ng4 Bg5 24. Nxg5 Rfd8 25. Nh6+ Kf8 26. Nxh7+ Ke8 27. Rxe7+ 1-0

[Event "Santa Margalida Mallorca-ch"]
[Site "Santa Margalida"]
[Date "2016.11.26"]
[Round "6"]
[White "Faramelli Ribas, Miquel Angel"]
[Black "Mateu Mir, Gabriel"]
[Result "1-0"]
[WhiteElo "1602"]
[BlackElo "1434"]
[PlyCount "57"]
[EventDate "2016.11.11"]
[EventType "swiss"]
[EventRounds "8"]
[EventCountry "ESP"]
[SourceTitle "EXT 2018"]
[Source "ChessBase"]
[SourceDate "2017.10.13"]
[SourceVersion "1"]
[SourceVersionDate "2017.10.13"]
[SourceQuality "1"]

1. e4 c6 2. c4 e6 3. Nc3 Nf6 4. e5 Ng8 5. Nf3 d6 6. exd6 Bxd6 7. d4 Ne7 8. Bd3 Nf5 9. Qe2 0-0 10. Ne4 Bc7 11. Be3 Nxe3 12. fxe3 Ba5+ 13. Ned2 Nd7 14. h4 Nf6 15. 0-0-0 b5 16. c5 Qd5 17. Nb3 Bc7 18. e4 Qd8 19. e5 Nd5 20. Bxh7+ Kh8 21. Ng5 f6 22. Qh5 Nf4 23. Qg4 Nd5 24. Bg6 Nf4 25. Qxf4 fxg5 26. hxg5+ Kg8 27. Rh8+ Kxh8 28. Qh4+ Kg8 29. Qh7# 1-0

[Event "Santa Margalida Mallorca-ch"]
[Site "Santa Margalida"]
[Date "2016.11.18"]
[Round "3"]
[White "Riera Salom, Salvador"]
[Black "Faramelli Ribas, Miquel Angel"]
[Result "1-0"]
[WhiteElo "1835"]
[BlackElo "1602"]
[PlyCount "119"]
[EventDate "2016.11.11"]
[EventType "swiss"]
[EventRounds "8"]
[EventCountry "ESP"]
[SourceTitle "EXT 2018"]
[Source "ChessBase"]
[SourceDate "2017.10.13"]
[SourceVersion "1"]
[SourceVersionDate "2017.10.13"]
[SourceQuality "1"]

1. e4 e5 2. Nf3 Nc6 3. Bb5 a6 4. Ba4 Nf6 5. 0-0 Nxe4 6. Re1 Nd6 7. Nxe5 Nxe5 8. Rxe5+ Be7 9. d3 0-0 10. Qf3 Bf6 11. Re2 Re8 12. c3 Rxe2 13. Qxe2 b5 14. Bc2 c5 15. Qh5 Qe7 16. Be3 c4 17. dxc4 g6 18. Qc5 Nxc4 19. Qxe7 Bxe7 20. Bc1 Bb7 21. Nd2 Re8 22. Nxc4 bxc4 23. Ba4 Bc5 24. Kf1 Be4 25. Be3 Bd3+ 26. Kg1 Bxe3 27. fxe3 Rxe3 28. Bxd7 Re2 29. b3 Be4 30. Bh3 f5 31. g3 Rc2 32. Bf1 Bd3 33. bxc4 Bxf1 34. Rxf1 Rxa2 35. Rd1 Ra5 36. Kf1 Rc5 37. Rd4 a5 38. Ke1 a4 39. Kd2 a3 40. Kc2 a2 41. Kb2 Kf7 42. Kxa2 Rc7 43. Kb3 Rb7+ 44. Kc2 Ke6 45. Rd5 g5 46. Rd4 h5 47. h4 g4 48. Kd3 Rc7 49. Ke3 Ke5 50. Rd5+ Ke6 51. Rd4 Ke5 52. Rd5+ Ke6 53. Kd4 f4 54. gxf4 Rf7 55. Ke4 Rc7 56. c5 Kf6 57. Rxh5 Re7+ 58. Re5 g3 59. Kf3 Rd7 60. Kxg3 1-0